=LDR 00000nam 2200000 4500 =001 INLIS000000000028840 =005 20130612131121 =008 ***********************************Ind** =035 ##$$0010-061300000028840 =041 ##$$a Ind =082 ##$$a 618.145 =090 ##$$a 618.145, Man d =100 ##$$a Manuaba, Ida bagus Gde =245 ##$$a Dasar-dasar operasi ginekologi, Ida bagus Gde Manuaba =260 ##$$a 2004 $b Jakarta =300 ##$$a 642 hlm, ilus, 28 cm =650 ##$$a Ginekologi =850 ##$$a NBPNMAT